00785cam a22002177a 4500003000500000005001700005008004100022010001000063011001000073035001000083040000900093100003200102245019800134260004100332300002100373502007700394650002300471650002200494650002600516650002500542CHAP20220329135111.0980325d1987 r 00010 d a30914 a31886 a35998 cCHAP00aFregoso Cibrián, Gustavo.10aPrueba de adaptación de ocho genotipos de girasol (Helianthus annuus L.) en suelos con alto grado de pendiente en el ejido Santiago de Pinos, estado de Jaliscoc/por Gustavo Fregoso Cibrián aChapingo, Méx. :bEl autor,c1989. a80 h. :bcuadros aTesis (Ing. Agr. Esp. en Fitotecnia) -- UACH. Departamento de Fitotecnia14aAceite de girasol.14aGirasolxJalisco.14aGirasolxRendimiento.14aGirasolxVariedades.